Bài giảng hóa sinh thực vật Lưu hành nội bộ

সংরক্ষণ করুন:
গ্রন্থ-পঞ্জীর বিবরন
প্রধান লেখক: Nguyễn, Kim Búp
বিন্যাস: গ্রন্থ
প্রকাশিত: Đồng Tháp 2018
বিষয়গুলি:
ট্যাগগুলো: ট্যাগ যুক্ত করুন
কোনো ট্যাগ নেই, প্রথমজন হিসাবে ট্যাগ করুন!
Thư viện lưu trữ: Trung tâm Học liệu Lê Vũ Hùng, Trường Đại học Đồng Tháp
LEADER 00854pam a22002418a 4500
001 00041693
005 20190225100220.0
008 110518s2000 ||||||Viesd
020 # # |c 31000 
041 0 # |a Vie 
082 1 4 |b B103GI  |a 572.071 
100 1 # |a Nguyễn, Kim Búp 
245 0 0 |b Lưu hành nội bộ  |c Nguyễn Kim Búp  |a Bài giảng hóa sinh thực vật 
260 # # |c 2018  |a Đồng Tháp 
300 # # |c 29 cm.  |a 215 tr. 
500 # # |a ĐTTS ghi: Trường Đại học Đồng Tháp 
653 # # |a Bài giảng 
653 # # |a Hóa sinh thực vật 
653 # # |a Sinh học 
653 # # |a Trao đổi chất 
852 # # |j KGT.0055307  |j KGT.0055308  |j KGT.0055309  |j KGT.0055310  |j KGT.0055311  |j KD.0023886 
910 # # |d 20/06/2018 
980 # # |a Trung tâm Học liệu Lê Vũ Hùng, Trường Đại học Đồng Tháp